000 00519nam a22002057a 4500
003 PHilelib
005 20140310182808.0
008 130216t xxu||||| |||| 00| 0 eng d
020 _a9814096393
050 _aQA 76.9
_b.J66 2001
082 _aM 511
_bJ63 2001
_25th ed.
245 _aDiscrete mathematics
_cJohnsonbaugh, Richard
250 _a5th ed.
300 _axv, 621 p.
_c25 cm.
_bill. ;
521 _aCollege Students
526 _c1210L-1700L
541 _j1
562 _e1
942 _2lcc
_cBK
_kM
999 _c16121
_d16121